| 000 | 00952cam a2200193 4500 | ||
|---|---|---|---|
| 001 | X11873 | ||
| 008 | 000000n2001 000 0 eng u | ||
| 035 | _a(Sirsi) u111873 | ||
| 245 | _aWestside Nominees v Bolton MBC | ||
| 260 | _c2001 | ||
| 490 |
_aProperty, Planning and Compensation Reports _v[2001] 81 P&CR 130-143(14) |
||
| 520 | _aQBD 3 February 2000. Landlord and Tenant-Lease and underlease of premises for 125 years. Rent review every 14 years. Formula based on fair rack rental i.e, best rent reasonably obtainable whether premises let as ahole or in parts. Property let in parts. Rent review date. Assumptions to be made in determining hypothetical rent, Length of hypothetical lease. (Taken from headnote) | ||
| 650 | _aWESTSIDE NOMINEES V BOLTON METROPOLITAN BC | ||
| 650 | _aRENT REVIEWS | ||
| 650 | _aHYPOTHETICAL LEASES | ||
| 650 | _aFAIR RACK RENT | ||
| 690 | _aLANDLORD AND TENANT-RENT REVIEWS-CASE LAW | ||
| 942 | _n0 | ||
| 999 |
_c66672 _d66672 |
||